000 00437cam a2200169ua 4500
020 _c0.75
041 _amal
_h
082 _a550
_bURA/JO
100 _aAcharya, U R .
245 _aJanatha vijnanam: Bhumiyum viswavum /
_cAcharya U R.
_hTextual Documents
260 _aKottayam :
_bSahitya Pravarthaka Co-operative Society ,
_c1958.
300 _a50 ; .
365 _a0.75
504 _a
942 _cBK
999 _c6120
_d6120